Archivo histórico del Mariscal Andrés de Santa-Cruz (Registro nro. 11446)

Detalles MARC
000 -Cabecera
Campo de control interno 00468nam a2200181Ia 4500
005 - Fecha y hora del registro
control field 20260306162828.0
008 - Elementos de Longitud Fija
fixed length control field 260306t1991||||xx |||||||||||||| ||spa||
041 ## - Idioma
Codigo Idioma ESP
082 ## - DEWEY y NOTACIÓN INTERNA
Dewey 985.052
Notación Interna S52A
100 ## - AUTOR
Autor denominación Santa Cruz Schuhkrafft, Andrés de
Término de relación autor
245 #0 - TÍTULO DE MATERIAL BIBLIOGRÁFICO
Título Archivo histórico del Mariscal Andrés de Santa-Cruz
260 ## - CIUDAD, EDITORIAL, AÑO
Año 1991
300 ## - DESCRIPCIÓN
N° Páginas 339 páginas :
Dimensiones 24 cm.
650 ## - TEMAS
Temas Generalidades
654 ## - PROGRAMAS
Programa Dpto. de Humanidades
942 ## - ELEMENTOS DE KOHA
Tipo de documento Libro
Nombre del creador Justo Noguera
Código de catalogador Justo Noguera
Esquema de clasificación Dewey Decimal Classification
Suppress in OPAC
Existencias
Codigo completo Registro Colección Copia número Disponibilidad Tipo de préstamo Biblioteca Actual Procedencia (Biblioteca) Ubicacón Fecha Ingreso Tipo de Adquisición Date last seen Total checkouts Price effective from Tipo de Item Estado del Material Fuente de Clasificación Damaged status Withdrawn status
985.052 S52A 1002434 Universidad Católica San Pablo 1 Disponible Disponible Víctor Andrés Belaunde Víctor Andrés Belaunde Planta baja abierta 03/06/2026 Donación 06/03/2026   06/03/2026 Libro Bueno Dewey Decimal Classification